LEADER 01354nam a2200301 a 4500 001 000000135997 003 CaOOAMICUS 005 20131024131340.0 008 131024n it ac u000 u ita r 040 $aPUL$bita 100 1 $aJoyce, James,$d1882-1941.$0(OLS)http://pul/name/37482 245 10$aEsuli /$cdi James Joyce ; regia di Marco Sciaccaluga : scene di Hayden Griffin : [con] Aroldfo Tieri, Giuliana Lojodice, Mino Bellei. 260 $a[S.l. :$bs.n.],$c[s.d.]$eUdine :$fArti grafiche friulane 300 $a16 p. :$bill., ritr. ;$c30 cm. 500 $aProgramma di sala. 500 $aIn testa al front.: Compagnia del Teatro delle Arti presenta. 500 $aCon una scelta di scritti di: Italo Svevo, Masolino D'Amico, Franco Rispoli, Umberto Eco, James Joyce. 700 1 $aSciaccaluga, Marco.$0(OLS)http://pul/name/87514 700 1 $aGriffin, Hayden.$0(OLS)http://pul/name/87515 700 1 $aManari, Valeria.$0(OLS)http://pul/name/87516 700 1 $aTerni, Paolo.$0(OLS)http://pul/name/87517 850 $aPUL 852 $aPUL$W1$xDP1 Fondo E. Rossi$y115$m2 B 56$j156773$qFondi$B156166$CPULBib$Z2$F156166 $82 941 1 $a1 961 $aSul dorso collocazione ms. di E. Rossi: II 49 2 996 $6245$aEsuli$9(OLS)http://pul/title/171975 996 $6260$a[S.l. :$bs.n.]$9(OLS)http://pul/publisher/81594 LEADER 02107nas a2200409 a 4500 001 000000175225 003 CaOOAMICUS 005 20221220154044.0 006 m d 007 cr uuu---uuuuu 008 220512c19549999enkqr p s u0 u1eng r 022 0 $a1469-8145 032 $aLibriCat 040 $aPUL$bita 041 0 $aeng$afre$ager 245 10$aNew Testament Studies$h[risorsa elettronica]. 260 $aLondon, [etc.] :$bCambridge University Press,$c1954- 300 $aRisorsa online in abbonamento.$c 310 $aTrimestrale 362 0 $av. 1 (Sept. 1954)- 500 $aTitolo dalla home page del periodico (visionato il 12 maggio 2022). 506 $aModalità di accesso: World Wide Web. 506 $aAccesso consentito da rete locale d'Ateneo tramite IP e da remoto previa autenticazione ad OpenAthens. 550 $a"Published under the auspices of Studiorum Novi Testamenti Societas" 555 $aVol. 1-16, 1954-70. 570 $aEditor: 1954- M. Black. 630 04$aBiblia$xPeriodici.$0(OLS)http://pul/subject/14065 700 1 $aBlack, Matthew.$0(OLS)http://pul/name/5132 710 2 $aSociety for New Testament Studies.$0(OLS)http://pul/name/5133 776 0 $tNew Testament Studies$dLondon, [etc.] : Cambridge University Press, 1954-$x0028-6885$w()4923 856 40$zAccesso full text da Atla Religion Database dal 1954:$uhttps://go.openathens.net/redirector/pul.it?url=https%3A%2F%2Fsearch.ebscohost.com%2Flogin.aspx%3Fdirect%3Dtrue%26AuthType%3Dip%2Csso%26db%3Dlsdar%26jid%3DATLA0000003670%26lang%3Dit%26site%3Dehost-live%26custid%3Dns003332 856 40$zAccesso full text dal sito dell'Editore dal 1999:$uhttps://go.openathens.net/redirector/pul.it?url=https%3A%2F%2Fwww.cambridge.org%2Fcore%2Fjournals%2Fnew-testament-studies%2Fall-issues 941 1 $a18 996 $6022$a1469-8145$9(OLS)http://pul/number/168646 996 $6245$aNew Testament Studies$h[risorsa elettronica]$9(OLS)http://pul/title/216644 996 $6260$aLondon, [etc.] :$bCambridge University Press$9(OLS)http://pul/publisher/50682